Návrh zabezpečenia stavebnej jamy pre založenie obytnej budovy v Bratislave

Gespeichert in:
Bibliographische Detailangaben
1. Verfasser: Shkurka, Inna (Verfasst von)
Weitere Verfasser: Stacho, Jakub (Betreuung Doktorarbeit)
Format: Manuskript Buch
Sprache:Slowakisch
Veröffentlicht: 2025
Schlagworte:
Online-Zugang:http://is.stuba.sk/zp/portal_zp.pl?podrobnosti=179193
CRZP
Tags: Tag hinzufügen
Keine Tags, Fügen Sie das erste Tag hinzu!

MARC

LEADER 00000ntm a22000003a 4500
001 stuzp104315
003 SK-STU
005 20250731152239.7
007 ta
008 150427s2015----xo-----f-mn---000-0-slo-d
040 |a STU  |b slo 
041 0 |a slo 
100 1 |a Shkurka, Inna  |u 010150  |4 aut  |U SvF Stavebná fakulta  |T SvF Katedra geotechniky  |X 122103  |U V150  |Y 15  |7 122103 
242 0 1 |a Design of an excavation pit for the foundation of a low-rise building in Bratislava  |y eng 
245 1 0 |a Návrh zabezpečenia stavebnej jamy pre založenie obytnej budovy v Bratislave 
260 |c 2025 
650 4 |a statické posúdenie  |2 slo 
650 4 |a stavebná jama  |2 slo 
650 4 |a klincovaná stena  |2 slo 
650 4 |a paženie  |2 slo 
650 4 |a excavation pit  |2 eng 
650 4 |a soil nailing  |2 eng 
650 4 |a retaining structure  |2 eng 
650 4 |a geostatic design  |2 eng 
700 1 |a Stacho, Jakub  |u 010150  |k Z1  |4 ths  |U SvF Stavebná fakulta  |T SvF Katedra geotechniky  |X 39264  |U V150  |Y 15  |7 A000039264 
856 4 |u http://is.stuba.sk/zp/portal_zp.pl?podrobnosti=179193 
856 4 |u https://opac.crzp.sk/?fn=detailBiblioForm&sid=4013D2F8FE5692F45BCC284F6B33  |z CRZP